000 00708nam a2200205 i 4500
001 82434
003 ES-MaACL
007 t|
008 041110s1984 sp ||||1| spa d
100 1 _aIbárruri, Dolores,
_d1895-1989
_9240176
245 1 0 _aMemorias de Pasionaria
_b: 1939-1977 : me faltaba España /
_cDolores Ibárruri ; prólogo de Manuel Vázquez Montalbán.
250 _a[2ª ed.].
260 _aBarcelona :
_bPlaneta,
_c[1984]
300 _a234 p. :
_bil. ;
_c24 cm.
490 1 _aEspejo de España ;
_v101
700 0 _aVázquez Montalbán, Manuel,
_d1939-
_9113463
830 0 _aEspejo de España ;
_v101
_9177692
852 _aES-MaACL
_jL-6517
_bR.107206
999 _c82434
_d82434